| 000 | 01494nam a2200373 a 4500 | ||
|---|---|---|---|
| 001 | ebr10361533 | ||
| 003 | CaPaEBR | ||
| 006 | m u | ||
| 007 | cr cn||||||||| | ||
| 008 | 080726s2008 si a sb 001 0 eng | ||
| 010 | _z 2008033326 | ||
| 020 | _z9789812818812 (hardcover : alk. paper) | ||
| 020 | _z9812818812 (hardcover : alk. paper) | ||
| 040 |
_aCaPaEBR _cCaPaEBR |
||
| 035 | _a(OCoLC)608624678 | ||
| 050 | 1 | 4 |
_aTA418.9.T45 _bT78 2008eb |
| 082 | 0 | 4 |
_a621.3815/2 _222 |
| 245 | 0 | 0 |
_aPolymer thin films _h[electronic resource] / _ceditors, Ophelia K.C. Tsui, Thomas P. Russell. |
| 260 |
_aSingapore ; _aHackensack, NJ : _bWorld Scientific, _cc2008. |
||
| 300 |
_ax, 301 p. : _bill. (some col.). |
||
| 490 | 1 |
_aSeries in soft condensed matter, _x1793-737X ; _vv. 1 |
|
| 504 | _aIncludes bibliographical references and index. | ||
| 533 |
_aElectronic reproduction. _bPalo Alto, Calif. : _cebrary, _d2013. _nAvailable via World Wide Web. _nAccess may be limited to ebrary affiliated libraries. |
||
| 650 | 0 | _aThin films. | |
| 650 | 0 | _aPolymers. | |
| 650 | 0 | _aBlock copolymers. | |
| 650 | 0 | _aNanostructured materials. | |
| 655 | 7 |
_aElectronic books. _2local |
|
| 700 | 1 |
_aTsui, Ophelia Kwan Chui, _d1967- |
|
| 700 | 1 |
_aRussell, Thomas P., _d1952- |
|
| 710 | 2 | _aebrary, Inc. | |
| 830 | 0 |
_aSeries in soft condensed matter ; _vv. 1. |
|
| 856 | 4 | 0 |
_uhttp://site.ebrary.com/lib/rucke/Doc?id=10361533 _zAn electronic book accessible through the World Wide Web; click to view |
| 999 |
_c210367 _d210367 |
||